000 00604cam a22002053a 4500
001 38268
003 PGUSA
005 20140828083838.0
008 111210s2011||||xxu|||||s|||||000 | eng d
040 _aPGUSA
_beng
042 _adc
100 1 _aGilman, Lawrence,
_d1878-1939
245 1 0 _aAspects of Modern Opera :
_bEstimates and Inquiries
_h[electronic resource] /
_cLawrence Gilman
260 _bProject Gutenberg,
_c2011
506 _aPublic domain in the USA.
516 _aElectronic text
830 0 _aProject Gutenberg
_v38268
856 4 0 _uhttp://www.gutenberg.org/ebooks/38268
942 _cEB
999 _c267522
_d267522